Process control : (Record no. 3100)

MARC details
000 -LEADER
fixed length control field 00691nam a2200205 ar4500
001 - CONTROL NUMBER
control field 3102
005 - DATE AND TIME OF LATEST TRANSACTION
control field 20221127090658.0
008 - FIXED-LENGTH DATA ELEMENTS--GENERAL INFORMATION
fixed length control field 130218s xxu a 00110|eng d
020 ## - INTERNATIONAL STANDARD BOOK NUMBER
International Standard Book Number 9780070393622(hpb)
082 04 - DEWEY DECIMAL CLASSIFICATION NUMBER
Classification number 660.2815
Item number M344 2000
100 1# - MAIN ENTRY--PERSONAL NAME
Personal name Marlin, Thomas E.
245 10 - TITLE STATEMENT
Title Process control :
Remainder of title designing processes and control systems for dynamic performance /
Statement of responsibility, etc. Thomas Marlin.
250 ## - EDITION STATEMENT
Edition statement 2nd ed.
260 ## - PUBLICATION, DISTRIBUTION, ETC.
Place of publication, distribution, etc. Boston, Mass. :
Name of publisher, distributor, etc. McGraw-Hill,
Date of publication, distribution, etc. 2000.
300 ## - PHYSICAL DESCRIPTION
Extent xxxiii, 1017 p. :
Other physical details ill. ;
Dimensions 24 cm.
440 #0 - SERIES STATEMENT/ADDED ENTRY--TITLE
Title McGraw-Hill chemical engineering series.
504 ## - BIBLIOGRAPHY, ETC. NOTE
Bibliography, etc. note Includes bibl. references and index.
650 #4 - SUBJECT ADDED ENTRY--TOPICAL TERM
Topical term or geographic name entry element Chemical process control.
650 #4 - SUBJECT ADDED ENTRY--TOPICAL TERM
Topical term or geographic name entry element Chemical engineering.
Holdings
Withdrawn status Lost status Source of classification or shelving scheme Damaged status Not for loan Home library Current library Date acquired Total Checkouts Full call number Barcode Date last seen Copy number Price effective from Koha item type
          CENTRAL CENTRAL 11/27/2022   660.2815 M344 2000 1000000008521 11/27/2022 C1 11/27/2022 Book